Statistiques concernant Cyclisme : Palmarès Critérium du Dauphiné depuis 1975 !!!

Cliquez ici pour prendre le quiz!

Statistiques générales

  • Ce quiz a été pris 58 fois
  • Le résultat moyen est 27 sur 49

Statistiques - réponses

AnnéesPaysPrénomsNoms% Correct
2013🇬🇧ChristopherFroome
100%
2016🇬🇧ChristopherFroome
100%
2015🇬🇧ChristopherFroome
100%
2021🇦🇺RichiePorte
100%
2018🇬🇧GeraintThomas
100%
2008🇪🇦AlejandroValverde
100%
2009🇪🇦AlejandroValverde
100%
2011🇬🇧BradleyWiggins
100%
2012🇬🇧BradleyWiggins
100%
2022🇸🇮PrimozRoglic
98%
2023🇩🇰JonasVingegaard
98%
1977🇨🇵BernardHinault
91%
1979🇨🇵BernardHinault
91%
1981🇨🇵BernardHinault
91%
1983🇺🇲GregLeMond
82%
2020🇨🇴DanielMartinez
80%
2017🇩🇰JakobFuglsang
76%
2019🇩🇰JakobFuglsang
76%
1995🇪🇦MiguelIndurain
76%
1996🇪🇦MiguelIndurain
76%
1999🇰🇿AlexandreVinokourov
73%
1975🇨🇵BernardThévenet
65%
1976🇨🇵BernardThévenet
65%
2007🇨🇵ChristopheMoreau
64%
2001🇨🇵ChristopheMoreau
64%
2004🇪🇦IbanMayo
53%
1992🇨🇵CharlyMottet
42%
1987🇨🇵CharlyMottet
42%
1989🇨🇵CharlyMottet
42%
2014🇺🇲AndrewTalansky
40%
2006DéclasséDéclassé
36%
2002DéclasséDéclassé
36%
2003DéclasséDéclassé
36%
1990🇬🇧RobertMillar
25%
2010🇸🇮JanezBrajkovic
24%
1998🇨🇵Armandde Las Cuevas
22%
1993🇨🇭LaurentDufaux
18%
1994🇨🇭LaurentDufaux
18%
1991🇨🇴LuisHerrera
18%
1988🇨🇴LuisHerrera
18%
1985🇦🇺PhilAnderson
16%
1986🇨🇭UrsZimmermann
16%
1978🇧🇪MichelPollentier
13%
1997🇩🇪UdoBölts
9%
2005🇪🇦inigoLandaluze
7%
1982🇨🇵MichelLaurent
4%
1984🇨🇴MartinRamirez
2%
1980🇳🇱JohanVan ver Velde
2%
2000🇺🇲TylerHalmiton
0%

Distribution des résultats

Percentile par nombre de réponses

% des personnes avec chaque résultat

Votre développement - résultats

Vous n’avez pas pris ce quiz